O cavalo que defecava dinheiro (Record no. 147147)

MARC details
000 -LÍDER
campo de controle de tamanho fixo 00395 a2200121 4500
001 - NÚMERO DE CONTROLE
campo de controle 147147
040 ## - FONTE DA CATALOGAÇÃO
Instituição que transcreveu o registro Escola São Tomás de Aquino
100 ## - ENTRADA PRINCIPAL--NOME PESSOAL
Nome pessoal BARROS, Leandro Gomes de
240 10 - TÍTULO UNIFORME
Título uniforme O cavalo que defecava dinheiro
Idioma da obra por
245 10 - TÍTULO
Título O cavalo que defecava dinheiro
697 ## - ENTRADA DE ASSUNTO LOCAL--ENTIDADE COLETIVA (RLIN)
Nome corporativo ou nome da jurisdição Literatura de cordel Livros de bolso ou folhetos com histórias e músicas populares
942 ## - ELEMENTOS DE ENTRADA ADICIONADOS (KOHA)
Tipo de material Koha Livros
Holdings
Situação do descarte Situação das perdas Situação física Não pode ser emprestado Biblioteca de origem Biblioteca atual Data de aquisição Total de empréstimos Número de chamada completo Código de barras Data de último acesso Data do preço efetivo Tipo de material Koha
        ESTA - SÃO BENTO ESTA - SÃO BENTO 30/04/2024   398.5 BAR CAV EST00001031 30/04/2024 30/04/2024 Livros